Insect hormones / (Record no. 1404)

MARC details
000 -LEADER
fixed length control field 00704cam a2200241 4500
001 - CONTROL NUMBER
control field BD-DhSAU 1404
003 - CONTROL NUMBER IDENTIFIER
control field BD-DhSAU
005 - DATE AND TIME OF LATEST TRANSACTION
control field 20150115104032.0
008 - FIXED-LENGTH DATA ELEMENTS--GENERAL INFORMATION
fixed length control field 710520s1970 caua rb 001 0 eng
020 ## - INTERNATIONAL STANDARD BOOK NUMBER
International Standard Book Number 0716706881
040 ## - CATALOGING SOURCE
Original cataloging agency BD-DhSAU
082 00 - DEWEY DECIMAL CLASSIFICATION NUMBER
Classification number 595.7
Edition number 22
Item number OLI
100 1# - MAIN ENTRY--PERSONAL NAME
Personal name Wigglesworth, Vincent B.
Fuller form of name (Vincent Brian),
Titles and words associated with a name Sir,
Dates associated with a name 1899-
245 10 - TITLE STATEMENT
Title Insect hormones /
Statement of responsibility, etc. V. B. Wigglesworth.
260 ## - PUBLICATION, DISTRIBUTION, ETC. (IMPRINT)
Place of publication, distribution, etc. San Francisco :
Name of publisher, distributor, etc. W. H. Freeman ;
Date of publication, distribution, etc. c1970.
300 ## - PHYSICAL DESCRIPTION
Extent ix, 159 p. :
Other physical details ill. ;
Dimensions 23 cm.
440 ## - SERIES STATEMENT/ADDED ENTRY--TITLE
Title University reviews in biology
504 ## - BIBLIOGRAPHY, ETC. NOTE
Bibliography, etc Includes bibliographical references.
590 ## - Name of Cataloguer
Name of Cataloger joy
650 #0 - SUBJECT ADDED ENTRY--TOPICAL TERM
Topical term or geographic name as entry element Insects
General subdivision Physiology.
650 #0 - SUBJECT ADDED ENTRY--TOPICAL TERM
Topical term or geographic name as entry element Entomology.
650 #0 - SUBJECT ADDED ENTRY--TOPICAL TERM
Topical term or geographic name as entry element Hormones.
942 ## - ADDED ENTRY ELEMENTS (KOHA)
Source of classification or shelving scheme Dewey Decimal Classification
Koha item type Book
Holdings
Withdrawn status Lost status Source of classification or shelving scheme Damaged status Not for loan Home library Branch Name Shelving location Date acquired Total Checkouts Full call number Barcode Date last seen Price effective from Koha item type
    Dewey Decimal Classification     SAU Library SAU Library General Stacks 12/03/1979   595.7 OLI 2342 15/01/2015 15/01/2015 Book